A Quiz About Swimming - Statistics

General Stats
  • This quiz has been taken 213 times
  • The average score is 10 of 15
Answer Stats
Question Answer % Correct
Which stroke is named after an insect? Butterfly
99%
Which country has won the most swimming medals in the Olympics? United States
85%
In a triathlon, what event comes right after swimming? Cycling
83%
And which individual person has the most swimming medals in the Olympics? Michael Phelps
83%
What chemical is often added to pools to kill germs and bacteria? Chlorine
78%
What game, often played in a pool, is named after a famous explorer? Marco Polo
72%
And what is the kick called for the above stroke? Dolphin
71%
What does the term ‘IM’ stand for? Individual Medley
71%
What marks near the end of the pool in backstroke? Flags
70%
What is the term for swimming with no clothes on? Skinny dipping
65%
What action do you perform when you reach one side of the pool in freestyle and backstroke? Flip-turn
48%
What notoriously slow land animal can swim three times faster than it can walk? Hint: it starts with S. Sloth
48%
A swimming drill in which you float in place trying to keep your head above water Treading water
40%
What are the objects that you dive off of for a start? Starting Block
30%
The underwater start for breaststroke is called… A pull-down
11%
No matching quizzes found
Score Distribution
Percent of People with Each Score
Percentile by Number Answered
Your Score History
You have not taken this quiz